LEADER 01235nam1 2200397 450 001 990003011420203316 005 20071112142705.0 035 $a000301142 035 $aUSA01000301142 035 $a(ALEPH)000301142USA01 035 $a000301142 100 $a20071112d--------km-y0itay50------ba 101 $aita$alat 102 $aIT 105 $a||||||||001yy 200 1 $aEpigrafia anfiteatrale dell'Occidente romano$fa cura di Patrizia Sabbatini Tumolesi 210 $aRoma$cQuasar 215 $av.$d28 cm. 225 2 $aVetera 410 0$12001$aVetera 454 1$12001 461 1$1001-------$12001 463 \1$1001990003011430203316$12001 $a<<6.>> : Roma$eanfiteatri e strutture annesse con una nuova edizione e commento delle iscrizioni del Colosseo 606 0 $aIscrizioni latine 606 0 $aAnfiteatri$zAntichità 676 $a471.1 702 1$aSABBATINI TUMOLESI,$bPatrizia 801 0$aIT$bsalbc$gISBD 912 $a990003011420203316 951 $aXI.5.C. 44/$bL.M.$cXI.5.C. 959 $aBK 969 $aUMA 979 $aRIVELLI$b90$c20071112$lUSA01$h1421 979 $aRIVELLI$b90$c20071112$lUSA01$h1427 996 $aEpigrafia anfiteatrale dell'Occidente romano$9764575 997 $aUNISA LEADER 01932oam 2200493M 450 001 9910716261703321 005 20200213070503.7 035 $a(CKB)5470000002519507 035 $a(OCoLC)1065770609 035 $a(OCoLC)995470000002519507 035 $a(EXLCZ)995470000002519507 100 $a20071213d1926 ua 0 101 0 $aeng 135 $aurcn||||||||| 181 $ctxt$2rdacontent 182 $cc$2rdamedia 183 $acr$2rdacarrier 200 10$a"Granting Certain Public Lands to the City of Stockton, Calif., for Flood Control, and for Other Purposes." March 11 (calendar day, March 13), 1926. -- Ordered to be printed 210 1$a[Washington, D.C.] :$c[U.S. Government Printing Office],$d1926. 215 $a1 online resource (2 pages) 225 1 $aSenate report / 69th Congress, 1st session. Senate ;$vno. 369 225 1 $a[United States congressional serial set ] ;$v[serial no. 8524] 300 $aBatch processed record: Metadata reviewed, not verified. Some fields updated by batch processes. 300 $aFDLP item number not assigned. 517 $a"Granting Certain Public Lands to the City of Stockton, Calif., for Flood Control, and for Other Purposes." March 11 606 $aDams 606 $aFlood control 606 $aPublic land sales 606 $aReservoirs 608 $aLegislative materials.$2lcgft 615 0$aDams. 615 0$aFlood control. 615 0$aPublic land sales. 615 0$aReservoirs. 701 $aStanfield$b Robert Nelson$f1877-1945$pRepublican (OR)$01386179 801 0$bWYU 801 1$bWYU 801 2$bOCLCO 801 2$bOCLCQ 801 2$bOCLCO 906 $aBOOK 912 $a9910716261703321 996 $a"Granting Certain Public Lands to the City of Stockton, Calif., for Flood Control, and for Other Purposes." March 11 (calendar day, March 13), 1926. -- Ordered to be printed$93548173 997 $aUNINA